000 00284nam a22001217a 4500
008 170616b xxu||||| |||| 00| 0 eng d
041 _aeng
080 _a328
100 _a20
101 _ashp
245 _aFINANCING STATE AND LOCAL GOVERNMENT
_cWILDASIM.D.E
942 _2udc
_cBK
999 _c17758
_d17758